|
|
|
|
| LEADER |
00000nam a22000007a 4500 |
| 005 |
20160111093816.0 |
| 007 |
cr|z|| || |
| 008 |
160111s2014 bl ||||| |||| 00||0 por d |
| 020 |
|
|
|a 978-85-7789-156-6
|
| 035 |
|
|
|a 12997
|
| 040 |
|
|
|a vLex
|
| 090 |
|
|
|c 5771
|d 5771
|
| 100 |
1 |
|
|a Vieira Marcelo, Fernando
|
| 245 |
1 |
0 |
|a Desaposentaȯ̂ - Manual Ter̤ico e Prt̀ico para o Encorajamento em Enfrentar a Matřia. 3® Ediȯ̂
|h [Recurso electrn̤ico] /
|c Fernando Vieira Marcelo
|n 3® Ediȯ̂
|
| 256 |
|
|
|a Servicio en ln̕ea
|
| 260 |
|
|
|a Brasil
|b Editora JH Mizuno
|c 2014
|
| 300 |
|
|
|a 1 recurso electrn̤ico
|
| 500 |
|
|
|a Muito se tem discutido na atualidade sobre o tema “desaposentaȯ̂”. O que no primeiro momento parecia mais como um termo desconhecido, hoje j ̀passou a ser um instituto jurd̕ico bastante debatido entre segurados e profissionais. Ocorre que apesar do conhecimento sobre a matřia, muitos profissionais estô receosos ao lidar com a desaposentarô na prt̀ica: sô muitos os desdo-bramentos existentes na matřia e principalmente pelos riscos de serem malsucedidos ao pleitearem uma condiȯ̂ mais benf̌ica ao segurado aposentado. O principal objetivo desta obra ̌fazer a “desmis-tificaȯ̂” do assunto, bem como encorajar os profissionais a desafiarem a matřia da desaposentaȯ̂ e a reapo-sentaȯ̂. Para isso, alm̌ de um estudo da parte ter̤ica, pudemos selecionar e indicar os principais casos que envolvem a desaposentaȯ̂, como alguns em que mesmo que prevaleȧ no judicir̀io o entendimento de que o segurado ao pleitear nova aposentadoria tenha que proceder ̉devoluȯ̂ das parcelas recebidas da aposentadoria a ser renunciada, ser ̀vantajoso ao segurado promover a desaposentaȯ̂.
|
| 506 |
1 |
|
|a Contenido solo disponible en los productos indicados
|d vLex Global
|d vLex Global (Academic Edition, excluding Law Schools)
|d vLex Global (U.S. Academic Edition, Law Schools)
|d vLex Global (U.S. Academic Edition, excluding Law Schools)
|d vLex Global (Academic Edition, Law Schools)
|
| 650 |
0 |
4 |
|a Derecho
|z Brasil
|
| 740 |
0 |
|
|a vLex libros (servicio en ln̕ea)
|
| 856 |
4 |
0 |
|u http://vlex.com/source/desaposenta-o-manual-teorico-e-pratico-para-o-encorajamento-em-enfrentar-a-materia-3-edi-o-12997
|z Acceso restringido
|
| 942 |
|
|
|c BOOK
|
| 999 |
0 |
|
|a Law
|